000 00702nam a22001937a 4500
999 _c17142
_d17142
003 AR-CdUCM
008 190312b ||||| |||| 00| 0 spa d
040 _aMUNICIPALIDAD PROVINCIAL DEL CUSCO
_cBIBLIOTECA MUNICIPAL DEL CUSCO
082 _a920 /
_bF82
100 _aFranklin, Benjamín
_915533
245 _aAutobiografía :
_cBenjamín Franklin /
260 _aMéxico :
_bNacional,
_c1968.
300 _a315 páginas ;
_c18 cm.
505 _aIniciación de su vida como impresor -- Llegada a filadelfia -- Primera visita a Boston -- Primeras amistades en filadelfia...
650 _aBiografías
_9148
650 _aBenjamín Franklin - Vida, obras
_915534
942 _2ddc
_cLIBROS
945 _awfj